[Event "ICS rated blitz match"]
[Site "204.178.125.65"]
[Date "2000.12.04"]
[Round "?"]
[White "Hossa"]
[Black "PostModernist"]
[Result "1/2-1/2"]
[WhiteElo "2507"]
[BlackElo "2644"]
[PlyCount "249"]
[EventDate "2000.??.??"]

1. d4 Nf6 2. c4 g6 3. Nc3 d5 4. Nf3 Bg7 5. Bg5 Ne4 6. cxd5 Nxg5 7. Nxg5 e6 8.
Qd2 exd5 9. Qe3+ Kf8 10. Qf4 Bf6 11. h4 h6 12. Nf3 c6 13. e3 Be6 14. Bd3 Kg7
15. O-O-O Nd7 16. g4 Qb8 17. Qxb8 Raxb8 18. Rdg1 Be7 19. h5 Rbe8 20. hxg6 fxg6
21. Nd2 Rhf8 22. Rg2 Bb4 23. Kc2 Bxc3 24. Kxc3 c5 25. Bb5 Rc8 26. f4 cxd4+ 27.
Kxd4 Nf6 28. f5 Bf7 29. Bd3 Rfd8 30. Nf3 g5 31. a4 b6 32. b4 Rc4+ 33. Bxc4
dxc4+ 34. Kc3 Rd3+ 35. Kc2 Rxe3 36. Rh3 Bd5 37. Rgg3 Nxg4 38. Nxg5 hxg5 39.
Rxe3 Nxe3+ 40. Rxe3 Kf6 41. a5 g4 42. axb6 axb6 43. Kc3 Kxf5 44. Kd4 Be6 45.
Re5+ Kf6 46. Rb5 g3 47. Ke3 g2 48. Kf2 Ke7 49. Rg5 c3 50. Rg3 c2 51. Rc3 Bf5
52. Kxg2 Kd6 53. Kf3 Ke5 54. Ke3 Kd5 55. Kd2 Bh7 56. Rc7 Be4 57. Kc1 Bf5 58.
Kb2 Bg6 59. Rc3 Bf5 60. Kc1 Be4 61. Rc8 Bd3 62. Kb2 Kd4 63. Rc6 b5 64. Kc1 Kd5
65. Rc7 Kd4 66. Rc8 Ke3 67. Rd8 Bf5 68. Rf8 Bd3 69. Rh8 Ke4 70. Kd2 Kd4 71.
Rd8+ Kc4 72. Rc8+ Kd4 73. Rc5 Bh7 74. Rxb5 Kc4 75. Rh5 Bg6 76. Rh4+ Kb5 77. Rg4
Bh7 78. Rg7 Be4 79. Rg1 Kc6 80. Rg5 Kb6 81. Rc5 Bh7 82. Rd5 Be4 83. Rg5 Kc6 84.
Rc5+ Kb6 85. Ke3 Bh7 86. Kd2 Be4 87. Rc8 Kb5 88. Rb8+ Kc6 89. Re8 Bh7 90. Re5
Kb6 91. Rh5 Be4 92. Rh4 Bd3 93. Rh1 Be4 94. Rh5 Kb7 95. Re5 Bd3 96. Re6 Kc7 97.
Kc1 Bf5 98. Rf6 Be4 99. Ra6 Bd3 100. Ra3 Be4 101. Re3 Bf5 102. Rc3+ Kb6 103.
Rc5 Be4 104. Rh5 Kc6 105. Re5 Bd3 106. Rc5+ Kb6 107. Rd5 Be4 108. Re5 Bd3 109.
Rg5 Be4 110. Rg4 Bh7 111. Rh4 Bd3 112. Rh3 Be4 113. Re3 Bh7 114. Re7 Bd3 115.
Re1 Kb5 116. Kd2 Bg6 117. Kc3 Bh7 118. Re5+ Ka6 119. Kd2 Kb6 120. Re7 Bf5 121.
Re3 Kc6 122. Re5 Bh7 123. Rh5 Be4 124. Kc1 Kb6 125. Rg5 {
Game drawn by the 50 move rule} 1/2-1/2

[Event "ICS rated blitz match"]
[Site "204.178.125.65"]
[Date "2000.12.04"]
[Round "?"]
[White "PostModernist"]
[Black "Hossa"]
[Result "1/2-1/2"]
[WhiteElo "2638"]
[BlackElo "2513"]
[PlyCount "123"]
[EventDate "2000.??.??"]

1. e4 Nf6 2. e5 Nd5 3. d4 d6 4. Nf3 g6 5. Bc4 c6 6. O-O Bg7 7. exd6 Qxd6 8.
Nbd2 Bf5 9. Bb3 O-O 10. h3 Na6 11. Nc4 Qc7 12. Re1 Rad8 13. Bg5 c5 14. Na3 Nab4
15. c4 Nf6 16. Nb5 Qb8 17. g4 Bd7 18. Qd2 Bxb5 19. cxb5 Qd6 20. Rac1 b6 21. a3
Nbd5 22. dxc5 bxc5 23. Bh6 e6 24. Bxg7 Kxg7 25. Ne5 Qb6 26. Bc4 Ne7 27. Qc3 h6
28. Bf1 Ned5 29. Qxc5 Qb7 30. Nc6 Rd7 31. b4 Rc8 32. Red1 Kg8 33. Bg2 Rdc7 34.
Ne7+ Kh8 35. Nxc8 Rxc5 36. Rxc5 Qb8 37. Kh1 Nd7 38. Rc4 Ne5 39. Rc2 Nf4 40. Nd6
Qb6 41. Rcd2 Qc7 42. Rd4 Qc2 43. Rf1 g5 44. Re4 f6 45. Re3 Ned3 46. Rf3 Kg7 47.
Kh2 Qa2 48. Nb7 Qxa3 49. Nc5 Qc3 50. Kg1 e5 51. Rd1 e4 52. Nxe4 Qc2 53. Ra1 Kg6
54. Rxa7 Qb1+ 55. Bf1 Ne5 56. Rxf4 gxf4 57. Nc3 Nf3+ 58. Kg2 Nh4+ 59. Kg1 Nf3+
60. Kg2 Nh4+ 61. Kg1 Nf3+ 62. Kg2 {Game drawn by repetition} 1/2-1/2

[Event "ICS rated blitz match"]
[Site "204.178.125.65"]
[Date "2000.12.04"]
[Round "?"]
[White "Hossa"]
[Black "PostModernist"]
[Result "0-1"]
[WhiteElo "2519"]
[BlackElo "2632"]
[PlyCount "118"]
[EventDate "2000.??.??"]

1. d4 d5 2. c4 c6 3. cxd5 cxd5 4. Nc3 Nc6 5. Nf3 Nf6 6. e3 a6 7. Ne5 e6 8. Nxc6
bxc6 9. Bd2 Bd6 10. Bd3 O-O 11. f4 c5 12. dxc5 Bxc5 13. a3 d4 14. Na4 Ba7 15.
e4 Bb7 16. Qf3 e5 17. O-O exf4 18. b3 Re8 19. Rae1 Qe7 20. Qxf4 Qxa3 21. e5
Qxb3 22. Rb1 Qxd3 23. Rxb7 Bb8 24. Nc5 Qc4 25. Rc1 Qd5 26. Rxb8 Raxb8 27. exf6
Rbc8 28. Qg4 g6 29. Nd3 Rxc1+ 30. Nxc1 Re6 31. Qg3 Rxf6 32. Qb8+ Kg7 33. Bb4 h5
34. Qf8+ Kh7 35. Qc5 Qe4 36. Bd2 Rc6 37. Qb4 Rc2 38. Kf1 Qg4 39. Ke1 Qxg2 40.
Kd1 Rc7 41. Qxd4 Qf1+ 42. Be1 Rxc1+ 43. Kxc1 Qxe1+ 44. Kc2 Qe2+ 45. Qd2 Qxd2+
46. Kxd2 g5 47. Kd3 g4 48. Ke4 h4 49. Ke3 f5 50. Kf4 g3 51. h3 g2 52. Ke5 g1=Q
53. Kd5 f4 54. Kc4 f3 55. Kd5 Qb6 56. Ke5 f2 57. Kd5 f1=Q 58. Ke5 Qc5+ 59. Ke6
Qff5# {Hossa checkmated} 0-1

[Event "ICS rated blitz match"]
[Site "204.178.125.65"]
[Date "2000.12.05"]
[Round "?"]
[White "ChesterX"]
[Black "Hossa"]
[Result "1-0"]
[WhiteElo "2538"]
[BlackElo "2508"]
[PlyCount "73"]
[EventDate "2000.??.??"]

1. g3 h5 2. d4 h4 3. gxh4 d5 4. Nf3 Nf6 5. Bg2 Bf5 6. Bf4 e6 7. Nc3 Na6 8. O-O
c6 9. Qd2 Nb4 10. Rfc1 Na6 11. e3 Ne4 12. Nxe4 Bxe4 13. c4 Bxf3 14. Bxf3 Bb4
15. Qd1 Qxh4 16. cxd5 exd5 17. a3 Be7 18. Qb3 O-O-O 19. Qa4 Rd6 20. Bxd6 Bxd6
21. Rxc6+ bxc6 22. Qxc6+ Bc7 23. Qxa6+ Kd7 24. Qb5+ Ke7 25. Qc5+ Bd6 26. Qxa7+
Kf6 27. Qd7 Qxh2+ 28. Kf1 Rb8 29. Bxd5 Rf8 30. Rc1 Rb8 31. Qxf7+ Kg5 32. Qxg7+
Kf5 33. e4+ Kf4 34. Qf6+ Kg4 35. f3+ Kh3 36. Qf5+ Kg3 37. Qg4# {
Hossa checkmated} 1-0

[Event "ICS rated blitz match"]
[Site "204.178.125.65"]
[Date "2000.12.05"]
[Round "?"]
[White "Hossa"]
[Black "ChesterX"]
[Result "0-1"]
[WhiteElo "2493"]
[BlackElo "2553"]
[PlyCount "154"]
[EventDate "2000.??.??"]

1. e4 e5 2. Nf3 Nc6 3. Bb5 a6 4. Ba4 Nf6 5. O-O Be7 6. Re1 b5 7. Bb3 O-O 8. a4
Bb7 9. d3 d6 10. Nc3 Na5 11. Ba2 b4 12. Ne2 Rb8 13. Ng3 c5 14. Re2 Bc6 15. b3
Bd7 16. Bb2 Nc6 17. h3 Nd4 18. Re1 Qc7 19. Nd2 d5 20. exd5 Nxd5 21. Nc4 f6 22.
Ne3 Nxe3 23. fxe3 Nc6 24. Qf3 f5 25. Qd5+ Kh8 26. Rf1 Rbd8 27. Qf3 e4 28. Qf2
Bd6 29. Nh5 Bh2+ 30. Kh1 Be5 31. Bxe5 Qxe5 32. h4 Rfe8 33. Nf4 exd3 34. Nxd3
Qe7 35. Rad1 Bc8 36. Kg1 Rd5 37. Rfe1 Red8 38. Qg3 Be6 39. Re2 Bf7 40. Rf2 Bh5
41. Re1 Ne5 42. Rxf5 Nxd3 43. Rxd5 Rxd5 44. cxd3 Rxd3 45. Qf4 Rd2 46. Rf1 g5
47. Qf8+ Qxf8 48. Rxf8+ Kg7 49. Rf2 Be2 50. Bb1 Rd1+ 51. Kh2 Rxb1 52. Rxe2 Rxb3
53. hxg5 c4 54. e4 c3 55. e5 Kf7 56. Rf2+ Ke6 57. Rf6+ Kxe5 58. Rc6 Ra3 59.
Rc5+ Kd4 60. Rc6 b3 61. g6 hxg6 62. Rxg6 c2 63. Rd6+ Kc3 64. Rc6+ Kb2 65. Rf6
c1=Q 66. Rf3 Ka2 67. Rf2+ b2 68. g3 Rxg3 69. Kxg3 Qe3+ 70. Kg2 Qxf2+ 71. Kxf2
b1=Q 72. Kf3 Qf5+ 73. Ke3 Kb3 74. a5 Kc3 75. Ke2 Qf4 76. Ke1 Kd3 77. Kd1 Qd2# {
Hossa checkmated} 0-1

[Event "ICS Rated standard match"]
[Site "204.178.125.65"]
[Date "2000.12.05"]
[Round "?"]
[White "Hossa"]
[Black "Amateur"]
[Result "0-1"]
[WhiteElo "2288"]
[BlackElo "2408"]
[PlyCount "154"]
[EventDate "2000.??.??"]

1. Nf3 c5 2. c4 Nf6 3. Nc3 d5 4. cxd5 Nxd5 5. d4 Nxc3 6. bxc3 cxd4 7. Qxd4 Qa5
8. Ne5 Be6 9. e4 Nd7 10. Nc4 Qc7 11. Na3 a6 12. Be2 Rd8 13. Qb4 g6 14. O-O Bg7
15. Bd2 Be5 16. g3 Nf6 17. Rad1 Bd6 18. Bf4 Bxf4 19. Rxd8+ Kxd8 20. gxf4 Ke8
21. Re1 Bh3 22. Bf1 Bxf1 23. Kxf1 Qd7 24. Qc5 Qh3+ 25. Kg1 Qg4+ 26. Kf1 Qd7 27.
Kg1 Rf8 28. f3 Nh5 29. Qa7 f6 30. Rb1 Qd3 31. e5 Nxf4 32. Qxb7 Qd2 33. Qc8+ Kf7
34. Qc4+ e6 35. Qf1 Qxc3 36. Nc4 fxe5 37. Kh1 Kg8 38. Rc1 Qd4 39. Rd1 Qc5 40.
Rd7 Qb5 41. Rd1 Rc8 42. Ne3 Qxf1+ 43. Rxf1 h5 44. Kg1 Rc3 45. Kf2 Nd5 46. Re1
Nxe3 47. Rxe3 Rc2+ 48. Re2 Rxe2+ 49. Kxe2 Kg7 50. Ke3 Kf6 51. Ke4 a5 52. a4 h4
53. h3 g5 54. Kd3 Ke7 55. Ke3 Kd7 56. Kd3 Kc7 57. Ke3 Kc6 58. Ke4 Kc5 59. Kxe5
Kb4 60. Kxe6 Kxa4 61. Kf5 Kb4 62. Kxg5 a4 63. Kg4 a3 64. Kg5 a2 65. Kg4 a1=Q
66. Kf5 Kc5 67. Kg4 Qe1 68. Kf5 Kd5 69. f4 Qe6+ 70. Kg5 Qxh3 71. Kf6 Qc3+ 72.
Kg6 Qg3+ 73. Kf5 h3 74. Kf6 h2 75. f5 h1=Q 76. Kf7 Qh7+ 77. Kf8 Qgg8# {
Hossa checkmated} 0-1

[Event "ICS Rated blitz match"]
[Site "204.178.125.65"]
[Date "2000.12.05"]
[Round "?"]
[White "Hossa"]
[Black "kako"]
[Result "1-0"]
[WhiteElo "2483"]
[BlackElo "2116"]
[PlyCount "65"]
[EventDate "2000.??.??"]

1. c4 e5 2. g3 Nf6 3. Bg2 Nc6 4. e3 Be7 5. Ne2 O-O 6. d3 Re8 7. O-O d5 8. cxd5
Nxd5 9. Nbc3 Nb6 10. d4 Bg4 11. dxe5 Nxe5 12. Bxb7 Qb8 13. Bxa8 Qxa8 14. e4 Bh3
15. Nf4 Bxf1 16. Kxf1 Bb4 17. Nfd5 Qc6 18. Nxb4 Qc4+ 19. Kg1 Qxb4 20. a3 Qc4
21. Be3 Nd3 22. Qc2 Ne5 23. f4 Ng4 24. Bf2 h5 25. Rd1 h4 26. gxh4 Qe6 27. Bd4
Nc4 28. Nd5 Qg6 29. f5 Qc6 30. f6 Nce5 31. Ne7+ Rxe7 32. Qxc6 Nxc6 33. fxe7 {
kako resigns} 1-0

[Event "ICS rated blitz match"]
[Site "204.178.125.65"]
[Date "2000.12.05"]
[Round "?"]
[White "Hossa"]
[Black "kakerlak"]
[Result "1-0"]
[WhiteElo "2486"]
[BlackElo "2062"]
[PlyCount "103"]
[EventDate "2000.??.??"]

1. e4 e6 2. Nf3 d5 3. e5 c5 4. d4 Nc6 5. dxc5 Bxc5 6. Nc3 Nge7 7. Na4 Ng6 8.
Nxc5 Qa5+ 9. Bd2 Qxc5 10. Bc3 b5 11. a3 a5 12. Qd2 O-O 13. h4 h6 14. h5 Nge7
15. Nd4 Nxd4 16. Bxd4 Qc6 17. g4 Ba6 18. f4 b4 19. Bxa6 Rxa6 20. axb4 axb4 21.
O-O Rc8 22. Qxb4 Rxa1 23. Rxa1 Qxc2 24. Qxe7 Qe4 25. Bc3 Qxf4 26. Qh4 d4 27.
Bb4 Rc2 28. Qh3 Rc1+ 29. Rxc1 Qxc1+ 30. Qf1 Qxb2 31. Bd6 Qc2 32. Qf4 d3 33. Bb4
Qd1+ 34. Kf2 Qe2+ 35. Kg3 Kh7 36. Bd2 Kg8 37. Bc3 Kh7 38. Qf3 Qc2 39. Qe4+ Kg8
40. Bb4 Qb3 41. Bd2 Qc2 42. Bf4 Qc3 43. Kh4 d2 44. Qa8+ Kh7 45. Qd8 Qc6 46.
Qd3+ g6 47. Kg3 Kg7 48. Bxd2 gxh5 49. gxh5 Qh1 50. Qf3 Qg1+ 51. Kh3 Qd4 52.
Qg4+ {kakerlak resigns} 1-0

[Event "ICS rated blitz match"]
[Site "204.178.125.65"]
[Date "2000.12.05"]
[Round "?"]
[White "kakerlak"]
[Black "Hossa"]
[Result "0-1"]
[WhiteElo "2059"]
[BlackElo "2489"]
[PlyCount "60"]
[EventDate "2000.??.??"]

1. e4 c6 2. Nc3 g6 3. d4 Bg7 4. Be3 d5 5. Qd2 dxe4 6. Nxe4 Nf6 7. Nxf6+ Bxf6 8.
O-O-O Qd5 9. c4 Qd8 10. h4 b5 11. cxb5 Qd5 12. Kb1 Bf5+ 13. Ka1 O-O 14. h5 cxb5
15. hxg6 Bxg6 16. Bd3 Qxg2 17. Ne2 Na6 18. Rdg1 Qb7 19. Ng3 Rac8 20. Ne4 Bg7
21. Ng5 Rfd8 22. Nxh7 e5 23. Bg5 Rxd4 24. Nf6+ Kf8 25. Nh7+ Ke8 26. Nf6+ Bxf6
27. Bxf6 Rxd3 28. Qg5 Kd7 29. Qxe5 Re8 30. Qg5 Qd5 {kakerlak resigns} 0-1

[Event "ICS rated blitz match"]
[Site "204.178.125.65"]
[Date "2000.12.05"]
[Round "?"]
[White "Hossa"]
[Black "mainboard"]
[Result "1-0"]
[WhiteElo "2491"]
[BlackElo "1961"]
[PlyCount "47"]
[EventDate "2000.??.??"]

1. e4 c5 2. Nf3 Nc6 3. d4 cxd4 4. Nxd4 e6 5. Nc3 d6 6. Bc4 a6 7. O-O Nf6 8. Be3
Bd7 9. Nxc6 Bxc6 10. Qf3 Be7 11. Bd4 O-O 12. a3 Qc7 13. Bd3 b5 14. Rfd1 Rad8
15. Rd2 Qb7 16. Rad1 b4 17. axb4 Qxb4 18. Bxa6 e5 19. Be3 Nxe4 20. Nd5 Bxd5 21.
Rxd5 Nf6 22. Rb5 Qa4 23. Rb7 Rd7 24. Bb5 {mainboard resigns} 1-0

[Event "ICS rated blitz match"]
[Site "204.178.125.65"]
[Date "2000.12.05"]
[Round "?"]
[White "Cambridge"]
[Black "Hossa"]
[Result "0-1"]
[WhiteElo "1996"]
[BlackElo "2492"]
[PlyCount "48"]
[EventDate "2000.??.??"]

1. e3 d5 2. d4 Nf6 3. c4 dxc4 4. Bxc4 Nc6 5. Nc3 e5 6. Nf3 exd4 7. exd4 Bd6 8.
O-O O-O 9. Bg5 Kh8 10. h3 h6 11. Bh4 Bf5 12. Rc1 Bf4 13. Ra1 Qd6 14. Nb5 Qb4
15. Be2 Qxb2 16. g4 Rfe8 17. Bxf6 Bc2 18. Qe1 Be4 19. Bxg7+ Kxg7 20. Qc3 Qxe2
21. d5+ Kg8 22. Nfd4 Nxd4 23. Nxd4 Qa6 24. Nb5 Qxb5 {Cambridge resigns} 0-1

[Event "ICS rated standard match"]
[Site "204.178.125.65"]
[Date "2000.12.05"]
[Round "?"]
[White "GreenGiant"]
[Black "Hossa"]
[Result "1/2-1/2"]
[WhiteElo "2260"]
[BlackElo "2277"]
[PlyCount "76"]
[EventDate "2000.??.??"]

1. d4 c6 2. c4 Nf6 3. Nf3 d5 4. Nc3 dxc4 5. a4 Qa5 6. Bd2 Qf5 7. e3 Be6 8. Ne5
c5 9. Nb5 Na6 10. Nxc4 Ne4 11. f3 Nxd2 12. Qxd2 Qh5 13. Na5 Qh4+ 14. g3 Qh5 15.
Kf2 b6 16. Nc6 Bd5 17. Ne5 e6 18. Nc3 Nc7 19. Nxd5 exd5 20. Nd3 Bd6 21. dxc5
bxc5 22. Qc3 Ne6 23. Nf4 Nxf4 24. Bb5+ Kf8 25. exf4 Kg8 26. h4 Qf5 27. Rae1 c4
28. Kg2 Rf8 29. Qd4 Qc2+ 30. Kh3 a6 31. Bc6 Qf5+ 32. Kg2 Bb4 33. Re5 Qd3 34.
Rxd5 Qe2+ 35. Qf2 Qe6 36. Qb6 Qe2+ 37. Qf2 Qe6 38. Qb6 Qe2+ {
Game drawn by mutual agreement} 1/2-1/2

[Event "ICS rated blitz match"]
[Site "204.178.125.65"]
[Date "2000.12.05"]
[Round "?"]
[White "Hossa"]
[Black "chesskeats"]
[Result "1-0"]
[WhiteElo "2494"]
[BlackElo "1961"]
[PlyCount "43"]
[EventDate "2000.??.??"]

1. c4 Nf6 2. Nc3 e6 3. e4 d5 4. cxd5 exd5 5. e5 d4 6. exf6 dxc3 7. Qe2+ Be6 8.
dxc3 Qxf6 9. Qb5+ Nd7 10. Qxb7 Qe5+ 11. Ne2 Bd5 12. Qb5 Rb8 13. Qa5 Nc5 14. f4
Qe4 15. Qxc7 Rd8 16. Qe5+ Qxe5 17. fxe5 Nd3+ 18. Kd2 Nxb2 19. Bxb2 Bxg2+ 20.
Nd4 Bxh1 21. Bb5+ Ke7 22. Ba3+ {chesskeats resigns} 1-0

[Event "ICS rated blitz match"]
[Site "204.178.125.65"]
[Date "2000.12.05"]
[Round "?"]
[White "Hossa"]
[Black "escorp"]
[Result "1-0"]
[WhiteElo "2495"]
[BlackElo "2627"]
[PlyCount "79"]
[EventDate "2000.??.??"]

1. e4 e5 2. Nf3 Nc6 3. d4 exd4 4. Nxd4 Bc5 5. Nb3 Bb6 6. Nc3 d6 7. a4 a6 8. Nd5
Ba7 9. Be3 Bxe3 10. Nxe3 Nf6 11. Bd3 O-O 12. O-O Re8 13. f3 Bd7 14. Bc4 Qb8 15.
Re1 Qa7 16. Qd2 Re5 17. c3 Rh5 18. Nd4 Re8 19. Nxc6 Bxc6 20. Qd4 Qc5 21. Qxc5
Rxc5 22. b4 Rh5 23. Nf5 Rg5 24. g4 Nd7 25. b5 Ne5 26. bxc6 Nxf3+ 27. Kf2 Nxe1
28. cxb7 Nc2 29. Ne7+ Kf8 30. Nc8 Nxa1 31. Bd5 Rxg4 32. b8=Q Rf4+ 33. Kg3 Rf6
34. Qxc7 Kg8 35. Nxd6 Rg6+ 36. Kh3 Rh6+ 37. Kg2 Rg6+ 38. Kh1 Rf8 39. Bxf7+ Kh8
40. Bxg6 {escorp resigns} 1-0

[Event "ICS rated blitz match"]
[Site "204.178.125.65"]
[Date "2000.12.05"]
[Round "?"]
[White "escorp"]
[Black "Hossa"]
[Result "1/2-1/2"]
[WhiteElo "2605"]
[BlackElo "2517"]
[PlyCount "127"]
[EventDate "2000.??.??"]

1. d4 c6 2. Nc3 d5 3. e4 e6 4. Nf3 Bb4 5. e5 Ne7 6. Bd2 Nd7 7. Bd3 c5 8. Nb5
Bxd2+ 9. Nxd2 O-O 10. c3 f6 11. Qh5 g6 12. Qh3 cxd4 13. cxd4 fxe5 14. Qxe6+ Kg7
15. Qd6 Rf6 16. Qc7 Qf8 17. O-O Nc6 18. dxe5 Ncxe5 19. Be2 a6 20. Nd4 Qc5 21.
Qxc5 Nxc5 22. N2f3 Ned3 23. Rab1 Nf4 24. Rbc1 Ncd3 25. Bxd3 Nxd3 26. Rc2 Kh6
27. Rc7 g5 28. b3 g4 29. Ne1 Nb4 30. a3 Nc6 31. Nec2 Rb8 32. Re1 Nxd4 33. Nxd4
Rf4 34. Rd1 Re4 35. Rf7 Re8 36. Rf6+ Kg7 37. Rb6 Rd8 38. Rc1 Ra8 39. Rc7+ Kg8
40. Rf6 Re8 41. Kf1 a5 42. Rff7 h6 43. Rg7+ Kh8 44. Rh7+ Kg8 45. Rxh6 b5 46.
Rg6+ Kh8 47. Rd6 b4 48. a4 Ba6+ 49. Nb5 Bxb5+ 50. axb5 a4 51. Rh6+ Kg8 52. Rg6+
Kh8 53. Rxg4 axb3 54. Rh4+ Kg8 55. f3 b2 56. Rg4+ Kh8 57. Rxb4 Ra1+ 58. Kf2
b1=Q 59. Rh4+ Kg8 60. Rg4+ Kf8 61. Rf4+ Kg8 62. Rg4+ Kf8 63. Rf4+ Kg8 64. Rg4+
{Game drawn by repetition} 1/2-1/2

[Event "ICS rated blitz match"]
[Site "204.178.125.65"]
[Date "2000.12.05"]
[Round "?"]
[White "Hossa"]
[Black "chesskeats"]
[Result "1-0"]
[WhiteElo "2521"]
[BlackElo "1948"]
[PlyCount "38"]
[EventDate "2000.??.??"]

1. e4 c5 2. c3 Nc6 3. Nf3 e6 4. Bb5 Nge7 5. O-O a6 6. Ba4 b5 7. Bc2 d5 8. d3
dxe4 9. dxe4 Qxd1 10. Rxd1 Ng6 11. a4 b4 12. a5 Bb7 13. Bg5 Be7 14. Bxe7 Ngxe7
15. Nbd2 O-O 16. Nb3 bxc3 17. bxc3 c4 18. Nbd2 Ng6 19. Nxc4 f5 {
chesskeats resigns} 1-0

[Event "ICS rated blitz match"]
[Site "204.178.125.65"]
[Date "2000.12.05"]
[Round "?"]
[White "Hossa"]
[Black "Amateur"]
[Result "1-0"]
[WhiteElo "2491"]
[BlackElo "2597"]
[PlyCount "137"]
[EventDate "2000.??.??"]

1. e4 e5 2. Nf3 Nc6 3. d4 exd4 4. Nxd4 Bc5 5. Nb3 Bd6 6. f4 Nh6 7. Be2 O-O 8.
O-O Re8 9. Bd3 Qh4 10. Nc3 a5 11. Nb5 a4 12. Nxd6 Ng4 13. h3 cxd6 14. Nd4 Nxd4
15. Qxg4 Qxg4 16. hxg4 Ne6 17. Bd2 Nc5 18. Rae1 b6 19. Kf2 Bb7 20. Kf3 d5 21.
e5 d4+ 22. Kg3 Bd5 23. a3 Rac8 24. Bb4 Nxd3 25. cxd3 Rc2 26. Rf2 Rxf2 27. Kxf2
Rc8 28. Re2 Rc1 29. g5 b5 30. Rd2 g6 31. Bd6 Bb3 32. Bb8 Kf8 33. Ba7 Ke7 34.
Bxd4 Ke6 35. g4 Kd5 36. Ba7 Rh1 37. Ke2 Rh3 38. Bg1 d6 39. Kf2 dxe5 40. fxe5
Kxe5 41. Kg2 Rh4 42. Bh2+ Rxh2+ 43. Kxh2 Kf4 44. Re2 Kxg5 45. Kg3 f6 46. Re7
Bc2 47. Rd7 f5 48. Rd5 h5 49. gxh5 gxh5 50. Kf3 h4 51. Kg2 Kg4 52. Rxb5 f4 53.
Rb4 Bd1 54. Rb6 Bc2 55. Rg6+ Kf5 56. Rd6 Kg4 57. Rd7 f3+ 58. Kf2 Bd1 59. Rd4+
Kg5 60. Rb4 Kh5 61. d4 Kg5 62. d5 h3 63. d6 h2 64. d7 h1=Q 65. d8=Q+ Kg6 66.
Qd6+ Kf5 67. Rb5+ Ke4 68. Qd5+ Kf4 69. Rb4# {Amateur checkmated} 1-0

[Event "ICS rated standard match"]
[Site "204.178.125.65"]
[Date "2000.12.05"]
[Round "?"]
[White "Hossa"]
[Black "Amateur"]
[Result "1-0"]
[WhiteElo "2276"]
[BlackElo "2430"]
[PlyCount "67"]
[EventDate "2000.??.??"]

1. e4 d6 2. d4 Nf6 3. Nc3 c6 4. f4 Qa5 5. Bd2 Qb6 6. e5 dxe5 7. fxe5 Nfd7 8.
Nf3 Qxb2 9. Rb1 Qa3 10. Bd3 e6 11. O-O h6 12. Rb3 Qa5 13. Ne1 g6 14. Qg4 Bb4
15. Rxf7 Kxf7 16. Bxg6+ Ke7 17. Qh4+ Kf8 18. Qf2+ Ke7 19. Rxb4 Na6 20. Ra4 Qb6
21. Qh4+ Kf8 22. Qf4+ Ke7 23. Nd5+ cxd5 24. Ba5 Qxa5 25. Rxa5 Kd8 26. Qh4+ Kc7
27. Qe7 Kb6 28. Ra3 Nxe5 29. Qd6+ Nc6 30. Rb3+ Nab4 31. Rxb4+ Ka6 32. Bd3+ Ka5
33. Qc5+ b5 34. Qxb5# {Amateur checkmated} 1-0

[Event "ICS rated blitz match"]
[Site "204.178.125.65"]
[Date "2000.12.05"]
[Round "?"]
[White "kaisser"]
[Black "Hossa"]
[Result "0-1"]
[WhiteElo "1963"]
[BlackElo "2512"]
[PlyCount "80"]
[EventDate "2000.??.??"]

1. d4 d5 2. e3 Nf6 3. Bd3 c5 4. c3 Bg4 5. f3 Bh5 6. Ne2 e6 7. O-O c4 8. Bc2 Bg6
9. Nd2 Bxc2 10. Qxc2 Nc6 11. e4 Qc7 12. e5 Nd7 13. f4 g6 14. b3 cxb3 15. axb3
Be7 16. Qd3 O-O 17. g4 f6 18. Nf3 Qb6 19. Kg2 Na5 20. Rb1 Qc7 21. f5 fxe5 22.
fxe6 e4 23. Qe3 exf3+ 24. Rxf3 Nf6 25. g5 Ng4 26. Qg1 Rxf3 27. Kxf3 Nxh2+ 28.
Kg2 Rf8 29. Bf4 Rxf4 30. Nxf4 Qxf4 31. Qxh2 Qe4+ 32. Kh3 Qxe6+ 33. Kg2 Qe4+ 34.
Kf2 Qc2+ 35. Kg1 Qxb1+ 36. Kg2 Qb2+ 37. Kh3 Qxh2+ 38. Kxh2 Nxb3 39. Kg3 Bxg5
40. Kf3 Bd2 {kaisser resigns} 0-1

[Event "ICS rated blitz match"]
[Site "204.178.125.65"]
[Date "2000.12.05"]
[Round "?"]
[White "Hossa"]
[Black "kaisser"]
[Result "1-0"]
[WhiteElo "2513"]
[BlackElo "1962"]
[PlyCount "109"]
[EventDate "2000.??.??"]

1. d4 Nf6 2. c4 e5 3. dxe5 Ng4 4. Bf4 Nc6 5. Nf3 Bb4+ 6. Nbd2 Qe7 7. a3 Ngxe5
8. Nxe5 Nxe5 9. e3 Bxd2+ 10. Qxd2 O-O 11. c5 d6 12. Qd5 Re8 13. Rc1 Ng6 14. Bg3
dxc5 15. Qxc5 Qxc5 16. Rxc5 c6 17. Bd3 Be6 18. Rc2 a5 19. Rd2 a4 20. Bc7 Ne7
21. e4 Bb3 22. O-O Rac8 23. Bb6 Ng6 24. f4 Re7 25. e5 Nf8 26. Bf5 Rce8 27. Bc5
Rc7 28. Bd6 Rce7 29. Bxe7 Rxe7 30. Bc2 Bxc2 31. Rxc2 Rd7 32. Rc4 Rd2 33. Rb4 b5
34. Rc1 g5 35. Rxc6 Rd5 36. Rd6 Rc5 37. Rb6 gxf4 38. R6xb5 Rc2 39. Rxf4 Ne6 40.
Rxa4 Kg7 41. Rg4+ Kh6 42. h3 Rd2 43. Kh2 Nd4 44. Rb6+ Kh5 45. Rf6 h6 46. Rxf7
Rd1 47. Rf6 Nf3+ 48. gxf3 Rh1+ 49. Kg3 Rxh3+ 50. Kf2 Rxf3+ 51. Rxf3 Kxg4 52. e6
h5 53. e7 h4 54. e8=Q h3 55. Qg6+ {kaisser resigns} 1-0

[Event "ICS rated standard match"]
[Site "204.178.125.65"]
[Date "2000.12.05"]
[Round "?"]
[White "ChesterX"]
[Black "Hossa"]
[Result "1-0"]
[WhiteElo "2307"]
[BlackElo "2299"]
[PlyCount "115"]
[EventDate "2000.??.??"]

1. e4 c6 2. d4 d5 3. Nc3 dxe4 4. Nxe4 Bf5 5. Ng3 Bg6 6. h4 h6 7. h5 Bh7 8. Nf3
Nd7 9. Bd3 Qa5+ 10. Bd2 Qb6 11. Bc3 Bxd3 12. Qxd3 Ngf6 13. Ne5 Nxe5 14. dxe5
Rd8 15. Qf3 Nd5 16. O-O-O Nxc3 17. Rxd8+ Kxd8 18. bxc3 Qc5 19. Qd3+ Kc7 20. Rd1
Kb6 21. Qd4 e6 22. Ne4 Qxd4 23. cxd4 Be7 24. Kd2 Kc7 25. c4 Rb8 26. Ke3 Rd8 27.
c5 b6 28. Nd6 f6 29. f4 Rf8 30. g3 fxe5 31. fxe5 Bg5+ 32. Ke2 Kd7 33. Rd3 Bc1
34. Rb3 b5 35. Kd1 Bg5 36. Ra3 Ra8 37. Rf3 Be7 38. Rf7 Rg8 39. Ke2 a5 40. Ke3
a4 41. a3 Kd8 42. Ke4 Kd7 43. g4 Kd8 44. Ke3 Bg5+ 45. Ke2 Be7 46. Kd3 g6 47. g5
Bxg5 48. Ra7 Rf8 49. hxg6 Rf3+ 50. Ke2 Re3+ 51. Kf1 Rg3 52. d5 Rg4 53. dxc6
Rf4+ 54. Ke2 Re4+ 55. Kd3 Rd4+ 56. Kxd4 Be3+ 57. Kxe3 b4 58. Rd7# {
Hossa checkmated} 1-0

[Event "ICS rated blitz match"]
[Site "204.178.125.65"]
[Date "2000.12.05"]
[Round "?"]
[White "Hossa"]
[Black "Amateur"]
[Result "1/2-1/2"]
[WhiteElo "2514"]
[BlackElo "2592"]
[PlyCount "111"]
[EventDate "2000.??.??"]

1. e4 e5 2. Nf3 Nc6 3. d4 exd4 4. Nxd4 Qh4 5. Nxc6 Qxe4+ 6. Be2 dxc6 7. O-O Be6
8. Nc3 Qh4 9. g3 Qd8 10. Bf4 Bd6 11. Qd2 Nf6 12. Rfd1 Bxf4 13. Qxf4 Nd5 14.
Nxd5 cxd5 15. c4 O-O 16. cxd5 Bxd5 17. Bf3 c6 18. Bxd5 cxd5 19. Qd4 Re8 20. Kg2
Re2 21. Rab1 Qc7 22. Qxd5 Rae8 23. Qf3 Qb6 24. Rd7 Rxf2+ 25. Qxf2 Qc6+ 26. Kg1
Qxd7 27. Qxa7 Qd5 28. b3 Qe4 29. Rf1 Rd8 30. h4 Qg6 31. Qe3 Qd6 32. Qf3 Qc7 33.
Rf2 b6 34. Kh2 Qe7 35. Re2 Qc7 36. Qe4 Qc8 37. Qe7 h6 38. Rf2 Rd7 39. Qe4 Qb8
40. h5 b5 41. a4 bxa4 42. bxa4 Qd8 43. Qc4 Rd5 44. g4 Qh4+ 45. Kg1 Rd1+ 46. Kg2
Qh1+ 47. Kg3 Rg1+ 48. Kf4 Rc1 49. Qb5 Rc6 50. Qe2 Re6 51. Qc4 Qe1 52. Kg3 Qg1+
53. Rg2 Qe1+ 54. Rf2 Qg1+ 55. Rg2 Qe1+ 56. Rf2 {Game drawn by repetition}
1/2-1/2

[Event "ICS Rated standard match"]
[Site "204.178.125.65"]
[Date "2000.12.05"]
[Round "?"]
[White "Hossa"]
[Black "Tim"]
[Result "1-0"]
[WhiteElo "2283"]
[BlackElo "2431"]
[PlyCount "68"]
[EventDate "2000.??.??"]

1. d4 d5 2. c4 Nc6 3. Nf3 Bg4 4. cxd5 Bxf3 5. gxf3 Qxd5 6. e3 e5 7. Nc3 Bb4 8.
Bd2 Bxc3 9. bxc3 exd4 10. cxd4 Nge7 11. Bg2 Ng6 12. Rg1 Nh4 13. Bh1 Nf5 14. f4
Qd7 15. d5 Nce7 16. e4 O-O-O 17. Rb1 Rhe8 18. exf5 Nxd5+ 19. Be3 g6 20. fxg6
fxg6 21. Bxd5 Qxd5 22. Qxd5 Rxd5 23. Rg5 Rd4 24. Re5 Rxe5 25. fxe5 Re4 26. Rb5
a6 27. Ra5 Kd7 28. Ke2 Rh4 29. Rc5 c6 30. Rc3 Rxh2 31. Rb3 b5 32. Rd3+ Ke6 33.
Bf4 Rh4 34. Rd6+ Ke7 {Tim resigns} 1-0

[Event "ICS rated blitz match"]
[Site "204.178.125.65"]
[Date "2000.12.05"]
[Round "?"]
[White "kaisser"]
[Black "Hossa"]
[Result "0-1"]
[WhiteElo "1902"]
[BlackElo "2518"]
[PlyCount "32"]
[EventDate "2000.??.??"]

1. e4 d5 2. exd5 Qxd5 3. Nc3 Qa5 4. d4 Nf6 5. Bc4 e6 6. Nf3 Bb4 7. O-O Bxc3 8.
bxc3 Qxc3 9. Qe2 Qxa1 10. Qd3 b5 11. Bb3 Ba6 12. Ba3 b4 13. Bc4 Qxa2 14. Bb5+
Nbd7 15. Bxb4 Bxb5 16. Qxb5 Rb8 {kaisser resigns} 0-1